[Event "XXIX Memorial Edoardo Crespi B"]
[Site "Milano ITA"]
[Date "2008.12.08"]
[Round "7"]
[White "Acunzo, Domenico"]
[Black "Carbone, Lorenzo"]
[Result "0-1"]
[WhiteElo "1797"]
[BlackElo "1817"]
[PlyCount "86"]
[EventDate "2008.12.04"]

1. e4 c5 2. Nf3 d6 3. c3 e6 4. d4 cxd4 5. cxd4 Be7 6. Nc3 Nf6 7. Bd3 O-O 8. O-O
Nc6 9. Re1 Nb4 10. Bb1 b6 11. a3 Na6 12. Bg5 Bb7 13. Qd3 g6 14. Bh6 Re8 15. h3
Nh5 16. Qe3 Rc8 17. Bd3 Bf6 18. Rad1 Nc7 19. Be2 Ng7 20. Nh2 e5 21. Ng4 exd4
22. Nxf6+ Qxf6 23. Rxd4 Nf5 24. Qf4 Qxd4 25. Bg4 Ne6 26. Qc1 Nxh6 27. Qxh6 Qg7
28. Qd2 Rcd8 29. Re3 Nc5 30. Qc2 d5 31. Nxd5 Bxd5 32. exd5 Rxe3 33. fxe3 Qe5
34. b4 Qxe3+ 35. Kh2 Qe5+ 36. g3 Na6 37. Bf3 Nc7 38. Qd2 h5 39. h4 Ne6 40. Qd3
Nd4 41. Be4 Kg7 42. Bg2 Nf5 43. Kh3 Rc8 0-1

[Event "XXIX Memorial Edoardo Crespi B"]
[Site "Milano ITA"]
[Date "2008.12.08"]
[Round "7"]
[White "Alidosi, Marco"]
[Black "Olivo, Mario"]
[Result "0-1"]
[WhiteElo "1794"]
[BlackElo "1878"]
[PlyCount "116"]
[EventDate "2008.12.04"]

1. Nf3 Nf6 2. g3 g6 3. Bg2 Bg7 4. d3 d6 5. e4 e5 6. O-O O-O 7. h3 h6 8. Na3 Be6
9. c4 c5 10. Bd2 Nc6 11. Nc2 Qd7 12. Kh2 Kh7 13. Rb1 Ne8 14. Ng1 f5 15. f4 Nf6
16. b4 fxe4 17. Ne3 exf4 18. Rxf4 g5 19. Rxe4 Nxe4 20. Bxe4+ Kh8 21. bxc5 dxc5
22. Kg2 Bd4 23. g4 Rab8 24. Nf3 b6 25. Nxd4 Nxd4 26. Be1 Qf7 27. Bg3 Rbd8 28.
Rb2 Qd7 29. Qh1 Kg7 30. Kh2 Bf7 31. Nf5+ Nxf5 32. Bxf5 Be6 33. Be4 Qd4 34. Re2
Bf7 35. Bf2 Qf6 36. Bg3 Rfe8 37. Qf3 Qc3 38. Rf2 Be6 39. Re2 Rf8 40. Bf5 Rxd3
41. Qb7+ Rf7 42. Be5+ Qxe5+ 43. Rxe5 Rd2+ 44. Kg3 Rxb7 45. Rxe6 Rxa2 46. Rg6+
Kf8 47. Rxh6 Ra3+ 48. Kf2 Rg7 49. Kg2 Rb3 50. Rc6 Re7 51. Be6 a5 52. Bd5 a4 53.
Rc8+ Kg7 54. Rg8+ Kf6 55. Rf8+ Ke5 56. Rf5+ Kd4 57. Rxg5 a3 58. Rg8 Ra7 0-1

[Event "XXIX Memorial Edoardo Crespi B"]
[Site "Milano ITA"]
[Date "2008.12.08"]
[Round "7"]
[White "Arboscelli, Gregorio"]
[Black "Pasquotto, Mirko"]
[Result "1/2-1/2"]
[WhiteElo "1898"]
[BlackElo "1921"]
[PlyCount "45"]
[EventDate "2008.12.04"]

1. d4 Nf6 2. c4 g6 3. Nc3 Bg7 4. e4 d6 5. Be2 O-O 6. Nf3 e5 7. dxe5 dxe5 8.
Qxd8 Rxd8 9. Bg5 Re8 10. Nd5 Nxd5 11. cxd5 c6 12. dxc6 Nxc6 13. O-O Be6 14. Bb5
Rec8 15. Rfd1 a6 16. Ba4 b5 17. Bb3 Bxb3 18. axb3 f6 19. Bd2 Bf8 20. Rac1 Kf7
21. h3 Ke6 22. Kf1 Nb4 23. Bxb4 1/2-1/2

[Event "XXIX Memorial Edoardo Crespi B"]
[Site "Milano ITA"]
[Date "2008.12.08"]
[Round "7"]
[White "Bisignano, Riccardo"]
[Black "Piantoni, Pierino"]
[Result "1-0"]
[WhiteElo "1891"]
[BlackElo "1935"]
[PlyCount "61"]
[EventDate "2008.12.04"]

1. e4 e6 2. d4 d5 3. Be3 dxe4 4. Nd2 Nf6 5. g3 b6 6. Bg2 Bb7 7. c3 Nbd7 8. Qc2
Be7 9. Nxe4 Nxe4 10. Bxe4 Bxe4 11. Qxe4 O-O 12. Nf3 Bf6 13. h4 Re8 14. O-O-O
Be7 15. Ng5 Nf6 16. Qf3 Qd5 17. b3 Qa5 18. Kb2 Ba3+ 19. Kc2 Bd6 20. Kb2 Qa3+
21. Kb1 a5 22. Bc1 a4 23. Bxa3 Bxa3 24. g4 axb3 25. axb3 Bd6 26. Nxf7 Rf8 27.
Nxd6 cxd6 28. Qe2 Rfe8 29. Kb2 d5 30. Ra1 Rac8 31. f3 1-0

[Event "XXIX Memorial Edoardo Crespi B"]
[Site "Milano ITA"]
[Date "2008.12.08"]
[Round "7"]
[White "Cani, Gazmir"]
[Black "Guerra, Efrain"]
[Result "1/2-1/2"]
[WhiteElo "1867"]
[BlackElo "1941"]
[PlyCount "118"]
[EventDate "2008.12.04"]

1. e4 c5 2. Nf3 Nc6 3. d4 cxd4 4. Nxd4 e5 5. Nb5 d6 6. N1c3 a6 7. Na3 b5 8. Nd5
Nf6 9. Bg5 Be7 10. Bxf6 Bxf6 11. c3 O-O 12. Nc2 Bg5 13. a4 bxa4 14. Rxa4 Rb8
15. Qa1 a5 16. Bc4 Kh8 17. Nce3 Be6 18. O-O Qc8 19. b3 f5 20. exf5 Bxf5 21.
Nxf5 Qxf5 22. Ra2 e4 23. Qd1 Ne5 24. f4 exf3 25. Raf2 Bh4 26. Rxf3 Nxf3+ 27.
Rxf3 Qe5 28. g3 Bg5 29. h4 Bh6 30. Qf1 Rxf3 31. Qxf3 g6 32. Qf6+ Bg7 33. Qxe5
Bxe5 34. Kg2 Rc8 35. Nb6 Rc7 36. g4 Kg7 37. Kf3 Re7 38. Nd5 Rf7+ 39. Ke3 Rf8
40. Bb5 Bg3 41. h5 Bf2+ 42. Ke4 gxh5 43. gxh5 Kh6 44. Be2 Kg5 45. Kd3 Rf5 46.
Ne7 Rc5 47. b4 axb4 48. cxb4 Rb5 49. Nc6 Rb6 50. Bf3 Kf4 51. Bd5 Be1 52. Kc4
Ke3 53. b5 Rb7 54. Nd8 Rc7+ 55. Bc6 Rc8 56. Nf7 Bg3 57. Kd5 Rb8 58. Ng5 Kf4 59.
Nxh7 Rh8 1/2-1/2

[Event "XXIX Memorial Edoardo Crespi B"]
[Site "Milano ITA"]
[Date "2008.12.08"]
[Round "7"]
[White "Cartella, Giovanni"]
[Black "Casale, Anania"]
[Result "1-0"]
[WhiteElo "1861"]
[BlackElo "1744"]
[PlyCount "81"]
[EventDate "2008.12.04"]

1. d4 Nf6 2. Nf3 e6 3. Bg5 Be7 4. e3 O-O 5. Bd3 b6 6. Nbd2 d5 7. Ne5 Bb7 8. c3
h6 9. Bh4 a6 10. g4 Nbd7 11. Bg3 Ne4 12. Nxd7 Nxg3 13. hxg3 Qxd7 14. Nf3 f5 15.
Ne5 Qd8 16. gxf5 exf5 17. f4 Bd6 18. Qc2 Bxe5 19. fxe5 Qg5 20. Qf2 Rae8 21.
O-O-O c5 22. Qf4 Qxf4 23. exf4 cxd4 24. cxd4 a5 25. Rh5 Bc8 26. Kd2 Kh7 27. Rc1
Rf7 28. Rc6 g6 29. Rh2 Rb7 30. g4 Be6 31. gxf5 gxf5 32. Rxe6 Rxe6 33. Bxf5+ Rg6
34. Rg2 Rbg7 35. e6 h5 36. e7 Rxe7 37. Rxg6 Kh8 38. Rh6+ Kg7 39. Rxh5 Kf6 40.
Bd3 Re8 41. Rxd5 1-0

[Event "XXIX Memorial Edoardo Crespi B"]
[Site "Milano ITA"]
[Date "2008.12.08"]
[Round "7"]
[White "Cerioni, Armando"]
[Black "Mei, Gianluca"]
[Result "1-0"]
[WhiteElo "1976"]
[BlackElo "1917"]
[PlyCount "53"]
[EventDate "2008.12.04"]

1. f4 d5 2. Nf3 c5 3. e3 Nc6 4. b3 Nf6 5. Bb5 Bd7 6. Bb2 e6 7. O-O Qc7 8. d3 a6
9. Bxc6 Bxc6 10. Nbd2 O-O-O 11. Ne5 Ne8 12. Qe2 f6 13. Nxc6 Qxc6 14. c4 Kb8 15.
Kh1 Bd6 16. d4 Nc7 17. a3 cxd4 18. exd4 Qd7 19. c5 Be7 20. a4 Ka8 21. b4 Rb8
22. Rfc1 g6 23. b5 e5 24. dxe5 fxe5 25. Bxe5 Rhe8 26. c6 Qd8 27. b6 1-0

[Event "XXIX Memorial Edoardo Crespi B"]
[Site "Milano ITA"]
[Date "2008.12.08"]
[Round "7"]
[White "Delledonne, Francesco"]
[Black "Pulvirenti, Gianni"]
[Result "0-1"]
[WhiteElo "1938"]
[BlackElo "1945"]
[PlyCount "62"]
[EventDate "2008.12.04"]

1. d4 Nf6 2. c4 g6 3. Nc3 Bg7 4. e4 d6 5. Bd3 Nc6 6. Nge2 e5 7. d5 Ne7 8. O-O
O-O 9. f3 Ne8 10. Be3 f5 11. Qd2 Nf6 12. Bh6 f4 13. Bxg7 Kxg7 14. b4 g5 15. c5
g4 16. cxd6 cxd6 17. Kh1 Ng6 18. Ng1 Nh5 19. fxg4 Bxg4 20. Be2 Qh4 21. Nf3 Ng3+
22. Kg1 Nxe2+ 23. Qxe2 Qh5 24. Qd3 Rf6 25. Nb1 Nh4 26. Nxh4 Qxh4 27. h3 Bd7 28.
Nd2 Rg8 29. Kh2 Kh8 30. Rac1 Rfg6 31. Rg1 Rg3 0-1

[Event "XXIX Memorial Edoardo Crespi B"]
[Site "Milano ITA"]
[Date "2008.12.08"]
[Round "7"]
[White "Di Paola, Antonio"]
[Black "Trent, Alan M."]
[Result "0-1"]
[WhiteElo "1748"]
[BlackElo "1867"]
[PlyCount "91"]
[EventDate "2008.12.04"]

1. d4 Nf6 2. c4 c5 3. d5 b5 4. cxb5 a6 5. bxa6 Bxa6 6. Nc3 g6 7. e4 Bxf1 8.
Kxf1 d6 9. g3 Bg7 10. Kg2 Nbd7 11. h3 O-O 12. Nf3 Qb6 13. Qc2 Rfc8 14. Be3 Qa5
15. Bd2 Rcb8 16. b3 Qb4 17. Rab1 c4 18. Nd4 cxb3 19. Nxb3 Rc8 20. Qd3 Ne5 21.
Qd4 Rc4 22. Qe3 Qa3 23. Nd4 Rcc8 24. Rhc1 Ned7 25. Nc6 Kf8 26. Rb7 Qa6 27. Rcb1
Nc5 28. R7b6 Qc4 29. R1b4 Qd3 30. Qxd3 Nxd3 31. Ra4 Rxa4 32. Nxa4 Nxe4 33. Be3
Nf6 34. Rb3 Ne1+ 35. Kf1 Nc2 36. Nb6 Nxe3+ 37. fxe3 Re8 38. a4 Ne4 39. Nd7+ Kg8
40. Nxe7+ Rxe7 41. Rb8+ Bf8 42. Rxf8+ Kg7 43. Rd8 Nc3 44. Kf2 Nxa4 45. Nb8 Nc3
46. Rxd6 0-1

[Event "XXIX Memorial Edoardo Crespi B"]
[Site "Milano ITA"]
[Date "2008.12.08"]
[Round "7"]
[White "Fornasir, Carlo Gustavo"]
[Black "Fizzotti, Mario"]
[Result "1/2-1/2"]
[WhiteElo "1919"]
[BlackElo "1795"]
[PlyCount "119"]
[EventDate "2008.12.04"]

1. e4 e5 2. Nf3 Nf6 3. Nc3 Bb4 4. d3 d5 5. Bd2 d4 6. Nb1 Bxd2+ 7. Nbxd2 Nc6 8.
Be2 O-O 9. O-O h6 10. c3 Qe7 11. Rc1 dxc3 12. Rxc3 Rd8 13. Qc2 Ne8 14. Rc1 Nb4
15. Qb1 Be6 16. b3 Qd6 17. Nc4 Qa6 18. a3 Bxc4 19. axb4 Bb5 20. Nxe5 Qd6 21.
Rc5 c6 22. Nc4 Qe6 23. Na3 Nc7 24. Rf5 Rd4 25. Nc2 Rd6 26. Ne3 g6 27. Rf4 h5
28. Nc4 Rd4 29. Qa1 Rad8 30. Qxa7 Ba6 31. Qb6 Qe7 32. Qc5 Qxc5 33. bxc5 Ne6 34.
Rf3 Nxc5 35. Ne5 Nxb3 36. Rd1 Rf8 37. g4 hxg4 38. Nxg4 Kg7 39. Rg3 Nc5 40. Ne5
Ne6 41. Kg2 Nf4+ 42. Kf3 Nxe2 43. Kxe2 Rxe4+ 44. Re3 Rxe3+ 45. fxe3 Rh8 46. Nf3
Rd8 47. e4 Bb5 48. Ke3 Ra8 49. Nd4 Ba6 50. Ra1 Rh8 51. Nxc6 Bxd3 52. Kxd3 bxc6
53. Ra2 Rh5 54. Re2 c5 55. e5 Rh4 56. Rc2 Kf8 57. Rxc5 Rxh2 58. Rc6 Ke7 59. Ke4
Re2+ 60. Kf4 1/2-1/2

[Event "XXIX Memorial Edoardo Crespi B"]
[Site "Milano ITA"]
[Date "2008.12.08"]
[Round "7"]
[White "Gandolfi, Attilio"]
[Black "Ciciotti, Augusto"]
[Result "0-1"]
[WhiteElo "1844"]
[BlackElo "1900"]
[PlyCount "78"]
[EventDate "2008.12.04"]

1. c4 Nf6 2. Nc3 g6 3. g3 Bg7 4. Bg2 d6 5. d4 O-O 6. Nf3 Nbd7 7. O-O e5 8. e3
Re8 9. b4 a5 10. bxa5 c6 11. Bd2 Rxa5 12. Qc2 Ra8 13. Rab1 exd4 14. exd4 Nb6
15. Qb3 Ra6 16. Be3 d5 17. cxd5 Nfxd5 18. Bg5 Qd6 19. Nxd5 Nxd5 20. Bd2 Ra3 21.
Qb2 b5 22. Rbc1 Bg4 23. Ne1 Rea8 24. Ra1 R3a4 25. Nc2 Bf5 26. Be3 Bxc2 27. Bxd5
Qxd5 28. Qxc2 Rxa2 29. Rxa2 Rxa2 30. Qc3 Ra4 31. Rb1 Bxd4 32. Qe1 Bxe3 33. Qxe3
Qe4 34. Qc1 Rc4 35. Qd1 Kg7 36. h4 h5 37. Ra1 Qd4 38. Qe1 Rc3 39. Rd1 Rxg3+ 0-1

[Event "XXIX Memorial Edoardo Crespi B"]
[Site "Milano ITA"]
[Date "2008.12.08"]
[Round "7"]
[White "Iacchetti, Giovanni"]
[Black "Colombo, Luca"]
[Result "1-0"]
[WhiteElo "1889"]
[BlackElo "1831"]
[PlyCount "69"]
[EventDate "2008.12.04"]

1. c4 Nf6 2. Nc3 c5 3. Nf3 Nc6 4. a3 e6 5. g3 b6 6. Bg2 Bb7 7. O-O Be7 8. d3
O-O 9. Bf4 d5 10. cxd5 exd5 11. d4 Nh5 12. Be3 Nf6 13. Qa4 Qd7 14. Rfd1 Rfd8
15. dxc5 bxc5 16. Bg5 Qe6 17. Qc2 d4 18. Nb5 Rac8 19. a4 Nb4 20. Qd2 Ne4 21.
Qc1 a6 22. Bxe7 Qxe7 23. Na3 Bd5 24. Nc4 Nd6 25. Nb6 Rc6 26. Nxd5 Nxd5 27. Nxd4
cxd4 28. Qxc6 Nb4 29. Qf3 Rc8 30. Rac1 Nc2 31. Bh3 Rc7 32. Qa8+ Ne8 33. Qxa6
Qe5 34. Qb5 Qe4 35. Bf5 1-0

[Event "XXIX Memorial Edoardo Crespi B"]
[Site "Milano ITA"]
[Date "2008.12.08"]
[Round "7"]
[White "Kimbin, Richard Conrod"]
[Black "Bisignano, Giuseppe"]
[Result "1/2-1/2"]
[WhiteElo "1697"]
[BlackElo "1903"]
[PlyCount "107"]
[EventDate "2008.12.04"]

1. Nf3 d6 2. g3 g6 3. Bg2 Bg7 4. e4 e5 5. Nc3 Nf6 6. d4 exd4 7. Nxd4 O-O 8. O-O
Re8 9. h3 c6 10. Be3 Nbd7 11. Nb3 Ne5 12. Qc1 Be6 13. Nd4 Bc8 14. Rd1 Bd7 15.
Bg5 Qc8 16. Kh2 a6 17. f4 Nc4 18. Rb1 c5 19. Bxf6 Bxf6 20. Nd5 Bg7 21. b3 cxd4
22. bxc4 Qxc4 23. Nb6 Qc7 24. Nxa8 Rxa8 25. e5 Bc6 26. Bxc6 Qxc6 27. exd6 b5
28. Qd2 Rd8 29. Re1 Rxd6 30. Re2 h6 31. Rbe1 Qc4 32. a3 d3 33. cxd3 Rxd3 34.
Qa2 Rb3 35. Rc2 Qd3 36. Re8+ Kh7 37. Rg2 h5 38. h4 a5 39. Rd8 Qf3 40. a4 b4 41.
Ra8 Ra3 42. Qxf7 Qxa8 43. f5 Qc6 44. Rf2 Qf6 45. Qd5 b3 46. fxg6+ Qxg6 47. Rf5
Ra2+ 48. Kh1 Qe8 49. Rxh5+ Bh6 50. Qf5+ Kg8 51. Qg4+ Bg7 52. Qc4+ Qf7 53. Qc8+
Bf8 54. Qg4+ 1/2-1/2

[Event "XXIX Memorial Edoardo Crespi B"]
[Site "Milano ITA"]
[Date "2008.12.08"]
[Round "7"]
[White "Landais, Federico"]
[Black "Mircoli, Filippo"]
[Result "1/2-1/2"]
[WhiteElo "1888"]
[BlackElo "1846"]
[PlyCount "109"]
[EventDate "2008.12.04"]

1. e4 c5 2. c4 Nc6 3. Nc3 e6 4. g3 d6 5. Bg2 Nf6 6. Nge2 Be7 7. O-O O-O 8. d3
a6 9. a3 Rb8 10. Rb1 b5 11. cxb5 axb5 12. b4 cxb4 13. axb4 e5 14. h3 Be6 15.
Kh2 Qc7 16. Be3 Rfd8 17. f4 exf4 18. Bxf4 Ne5 19. Qd2 Qd7 20. Nd4 Ng6 21. Nxe6
fxe6 22. Be3 Ne5 23. Qe2 Rdc8 24. Rfc1 Rc7 25. Nd1 Rbc8 26. Nf2 Rc3 27. Rxc3
Rxc3 28. Bd4 Ra3 29. Qb2 Ra8 30. Ra1 Ra4 31. Rxa4 bxa4 32. b5 a3 33. Qb3 a2 34.
b6 Nc6 35. Bxf6 Bxf6 36. Qxa2 Bd4 37. e5 Bxb6 38. Qa8+ Nd8 39. Nh1 dxe5 40. Qa6
Qd4 41. h4 Kf7 42. Qb5 Kf6 43. Qb1 Nf7 44. Qf1+ Ke7 45. Qf3 Nd6 46. g4 Qf4+ 47.
Ng3 Qxf3 48. Bxf3 h6 49. Ne4 Nxe4 50. Bxe4 Kf6 51. Kg3 Ba5 52. h5 Ke7 53. Kf3
Kd6 54. Bg6 Kc5 55. Be4 1/2-1/2

[Event "XXIX Memorial Edoardo Crespi B"]
[Site "Milano ITA"]
[Date "2008.12.08"]
[Round "7"]
[White "Lanni, Vincenzo"]
[Black "Margstahler, Francesco"]
[Result "1/2-1/2"]
[WhiteElo "1868"]
[BlackElo "1768"]
[PlyCount "49"]
[EventDate "2008.12.04"]

1. d4 d5 2. g3 Nf6 3. Bg2 c6 4. Nf3 Bg4 5. O-O Nbd7 6. c3 e6 7. h3 Bh5 8. g4
Bg6 9. Bf4 Qb6 10. Qb3 c5 11. Qxb6 axb6 12. Nbd2 c4 13. Nh4 Be4 14. Nhf3 Be7
15. a3 O-O 16. Nxe4 Nxe4 17. Ne5 Nxe5 18. Bxe5 Nd2 19. Rfe1 Bh4 20. e4 Nxe4 21.
Bxe4 dxe4 22. Rxe4 b5 23. Bd6 Rfd8 24. Bb4 Rd5 25. f4 1/2-1/2

[Event "XXIX Memorial Edoardo Crespi B"]
[Site "Milano ITA"]
[Date "2008.12.08"]
[Round "7"]
[White "Oteri, Aldo"]
[Black "Bettini, Massimo"]
[Result "0-1"]
[WhiteElo "1831"]
[BlackElo "1842"]
[PlyCount "72"]
[EventDate "2008.12.04"]

1. e4 c5 2. Nf3 Nc6 3. d4 cxd4 4. Nxd4 e5 5. Nb5 d6 6. N1c3 a6 7. Na3 Nf6 8.
Bg5 b5 9. Bxf6 gxf6 10. Nd5 Be6 11. c3 Bg7 12. Nc2 f5 13. exf5 Bxf5 14. Nce3
Be6 15. Bd3 Ne7 16. Qf3 Nxd5 17. Nxd5 O-O 18. Bf5 Rc8 19. Qh3 Bxf5 20. Qxf5 Rc5
21. Rd1 Kh8 22. h4 e4 23. Rh3 Be5 24. Kf1 a5 25. g4 e3 26. fxe3 b4 27. e4 bxc3
28. bxc3 Rg8 29. g5 a4 30. Rb1 Qa8 31. Nf6 Rg6 32. Nxh7 Qa6+ 33. Kg2 Qe2+ 34.
Kh1 Bg7 35. h5 Rxf5 36. exf5 Qe4+ 0-1

[Event "XXIX Memorial Edoardo Crespi B"]
[Site "Milano ITA"]
[Date "2008.12.08"]
[Round "7"]
[White "Quagliarella, Sabino Remo"]
[Black "Guzzetti, Luigi Enrico"]
[Result "1-0"]
[WhiteElo "1978"]
[BlackElo "1862"]
[PlyCount "89"]
[EventDate "2008.12.04"]

1. g3 Nf6 2. Bg2 g6 3. c3 Bg7 4. e4 d6 5. d4 Nbd7 6. f4 e5 7. dxe5 dxe5 8. Nh3
O-O 9. O-O c6 10. Nf2 Qb6 11. Kh1 Rd8 12. Qe2 Re8 13. Be3 Qc7 14. Nd2 Nf8 15.
Rad1 b5 16. fxe5 Qxe5 17. Nf3 Qh5 18. Ng1 Qxe2 19. Nxe2 Be6 20. b3 Ng4 21. Nxg4
Bxg4 22. Rd2 Bxe2 23. Rxe2 Bxc3 24. Bh6 Rad8 25. Ref2 f6 26. e5 f5 27. Bxc6
Rxe5 28. Rf3 b4 29. a4 Ne6 30. Bb5 Nd4 31. Bc4+ Kh8 32. Rd3 Rde8 33. Kg2 Nc2
34. Rd7 R5e7 35. Rfd1 Bf6 36. Rxe7 Bxe7 37. Rd7 Bf6 38. Rxa7 Ne3+ 39. Bxe3 Rxe3
40. Rb7 Bc3 41. a5 g5 42. a6 Re8 43. a7 Be5 44. Re7 Ra8 45. Bd5 1-0

[Event "XXIX Memorial Edoardo Crespi B"]
[Site "Milano ITA"]
[Date "2008.12.08"]
[Round "7"]
[White "Regorda, Massimiliano"]
[Black "Moreschi, Mauro"]
[Result "0-1"]
[WhiteElo "1898"]
[BlackElo "1866"]
[PlyCount "100"]
[EventDate "2008.12.04"]

1. e4 d6 2. d4 Nf6 3. Nc3 e5 4. dxe5 dxe5 5. Qxd8+ Kxd8 6. Bg5 Be6 7. O-O-O+
Bd6 8. Nf3 Ke7 9. Nb5 a6 10. Nxd6 cxd6 11. Bd3 Nbd7 12. Nd2 h6 13. Bh4 g5 14.
Bg3 Nc5 15. f3 Nxd3+ 16. cxd3 Rac8+ 17. Kb1 Rc7 18. Bf2 Nd7 19. h4 g4 20. d4
gxf3 21. gxf3 f6 22. d5 Bf7 23. Rhg1 Nc5 24. Bxc5 Rxc5 25. Nb3 Rc7 26. Rc1 Rhc8
27. Rxc7+ Rxc7 28. Rg7 Kf8 29. Rg2 Bh5 30. Rf2 Bg6 31. Nd2 Rc5 32. Nb3 Rxd5 33.
Kc2 Rb5 34. Kc3 d5 35. exd5 Rxd5 36. Rd2 Rxd2 37. Kxd2 Bf7 38. Nc5 Bd5 39. Ke3
Ke7 40. a3 Kd6 41. Nd3 f5 42. f4 e4 43. Nb4 Bb3 44. Kd2 a5 45. Nc2 Bxc2 46.
Kxc2 a4 47. b4 Kd5 48. Kc3 h5 49. b5 Kc5 50. b6 Kxb6 0-1

[Event "XXIX Memorial Edoardo Crespi B"]
[Site "Milano ITA"]
[Date "2008.12.08"]
[Round "7"]
[White "Regorda, Vittorio"]
[Black "Murli, Almerico"]
[Result "1/2-1/2"]
[WhiteElo "1860"]
[BlackElo "1842"]
[PlyCount "80"]
[EventDate "2008.12.04"]

1. d4 g6 2. Nf3 Bg7 3. Bg5 Nf6 4. e3 c5 5. c3 Qb6 6. Qb3 Qxb3 7. axb3 cxd4 8.
exd4 Nc6 9. Bd3 d6 10. Nbd2 O-O 11. O-O h6 12. Bxf6 Bxf6 13. Rfe1 Bg4 14. h3
Bxf3 15. Nxf3 e6 16. Ra4 Rab8 17. b4 a6 18. Be4 d5 19. Bd3 Na7 20. Ne5 Bxe5 21.
Rxe5 Kg7 22. Re2 Nc8 23. b5 axb5 24. Bxb5 Nd6 25. Bd3 Rfc8 26. Rb4 Ra8 27. Re1
Kf6 28. f4 Ra7 29. g4 Rca8 30. Rb6 Ra1 31. Rf1 Rxf1+ 32. Bxf1 Ke7 33. b3 Rc8
34. c4 dxc4 35. bxc4 Nxc4 36. Rxb7+ Kf6 37. Bd3 Nd2 38. Kf2 Nc4 39. h4 Na5 40.
Rd7 Nc6 1/2-1/2

[Event "XXIX Memorial Edoardo Crespi B"]
[Site "Milano ITA"]
[Date "2008.12.08"]
[Round "7"]
[White "Rossi, Giampiero"]
[Black "Cardani, Roberto"]
[Result "1/2-1/2"]
[WhiteElo "1984"]
[BlackElo "1900"]
[PlyCount "160"]
[EventDate "2008.12.04"]

1. d4 Nf6 2. c4 e6 3. Nc3 Bb4 4. Qc2 O-O 5. a3 Bxc3+ 6. Qxc3 b6 7. Bg5 Bb7 8.
f3 h6 9. Bh4 d5 10. e3 Nbd7 11. cxd5 Nxd5 12. Bxd8 Nxc3 13. Bh4 Nd5 14. Bf2 c5
15. Bb5 Rfd8 16. e4 N5f6 17. dxc5 Nxc5 18. Bxc5 bxc5 19. Ne2 Nd7 20. O-O-O Nb6
21. Rxd8+ Rxd8 22. Rd1 Rxd1+ 23. Kxd1 a6 24. Bd3 c4 25. Bc2 e5 26. Kd2 Kf8 27.
Kc3 a5 28. Ng3 g6 29. Nf1 Ke7 30. Ne3 Kd6 31. Nxc4+ Nxc4 32. Kxc4 Ba6+ 33. Kc3
Bf1 34. g3 Kc5 35. Bd3 Bh3 36. b4+ axb4+ 37. axb4+ Kb6 38. Bc4 f6 39. f4 Bd7
40. fxe5 fxe5 41. h4 g5 42. hxg5 hxg5 43. Bf7 Kb5 44. Bg6 Be6 45. Bf5 Bf7 46.
Bd7+ Kb6 47. Kd3 Kc7 48. Bb5 Kb6 49. Bc4 Be8 50. Ke3 Bh5 51. Kf2 Kc6 52. Be2
Bf7 53. Kg2 Be6 54. Kh2 Bd7 55. Bf1 Kb6 56. Bh3 Be8 57. Be6 Kb5 58. Kh3 Bh5 59.
Bg4 Be8 60. Be2+ Kxb4 61. Kg4 Kc5 62. Kxg5 Kd4 63. Bf3 Bc6 64. Kf5 Bd7+ 65. Kf6
Bh3 66. Bh1 Bc8 67. Bg2 Bd7 68. Bh1 Bc8 69. Kg5 Bb7 70. Kf5 Bc8+ 71. Kf6 Bd7
72. Ke7 Bc6 73. g4 Bxe4 74. Bxe4 Kxe4 75. Kf6 Kf4 76. g5 e4 77. g6 e3 78. g7 e2
79. g8=Q e1=Q 80. Qg5+ Kf3 1/2-1/2

[Event "XXIX Memorial Edoardo Crespi B"]
[Site "Milano ITA"]
[Date "2008.12.08"]
[Round "7"]
[White "Villalba, Fernando"]
[Black "Coladangelo, Andrea"]
[Result "1/2-1/2"]
[WhiteElo "1934"]
[BlackElo "1893"]
[PlyCount "108"]
[EventDate "2008.12.04"]

1. d4 Nf6 2. Nf3 g6 3. Bf4 Bg7 4. h3 O-O 5. e3 d6 6. c3 Nbd7 7. Be2 Re8 8. O-O
b6 9. Nbd2 Bb7 10. Bb5 Ne4 11. Nxe4 Bxe4 12. Ng5 Bb7 13. Qa4 c6 14. Bxc6 Bxc6
15. Qxc6 h6 16. Nf3 Rc8 17. Qa4 Qc7 18. Rad1 Qb7 19. Rfe1 b5 20. Qb3 d5 21. a4
a6 22. axb5 axb5 23. Ra1 Ra8 24. Ra3 Rxa3 25. Qxa3 Nb6 26. Nd2 Bf8 27. Qb3 Nc4
28. Nxc4 dxc4 29. Qc2 Ra8 30. e4 e6 31. Qd2 b4 32. Bxh6 bxc3 33. bxc3 Bxh6 34.
Qxh6 Qb3 35. Qe3 Ra2 36. Rc1 Qb2 37. h4 Ra1 38. Rxa1 Qxa1+ 39. Kh2 Qd1 40. g3
Qd3 41. Kg2 Qd1 42. h5 Qxh5 43. Qf3 Qg5 44. e5 Qd2 45. Qe3 Qd1 46. Qf3 Qd2 47.
g4 Kg7 48. Qe3 Qd1 49. g5 Kg8 50. f3 Kg7 51. Kg3 Kg8 52. Kf2 Qa4 53. Qd2 Qb5
54. Kg3 Kg7 1/2-1/2

[Event "XXIX Memorial Edoardo Crespi B"]
[Site "Milano ITA"]
[Date "2008.12.08"]
[Round "7"]
[White "Zeppos, Panagiotis"]
[Black "Scarpellini, Felice"]
[Result "1-0"]
[WhiteElo "1823"]
[BlackElo "1849"]
[PlyCount "67"]
[EventDate "2008.12.04"]

1. e4 d6 2. d4 g6 3. Nc3 Bg7 4. Nge2 a6 5. g3 b5 6. a3 Bb7 7. Bg2 Nd7 8. O-O
Nb6 9. f4 Nf6 10. e5 Bxg2 11. exf6 Bxf1 12. fxg7 Rg8 13. Qxf1 Rxg7 14. b3 Qd7
15. Be3 f5 16. Qg2 d5 17. Nc1 e6 18. Nd3 O-O-O 19. Nc5 Qd6 20. Nxa6 Nd7 21. Nb4
Qb6 22. Qe2 c6 23. a4 Nf6 24. axb5 Ra7 25. Ra6 Rxa6 26. Nxa6 Ne4 27. Nxe4 fxe4
28. bxc6 Qxc6 29. Nc5 Re8 30. Qd2 Re7 31. Qa5 Rc7 32. b4 Rb7 33. Qa8+ Kc7 34.
Qxb7+ 1-0

[Event "C.to Provinciale KR 2009"]
[Site "Cutro ITA"]
[Date "2008.12.05"]
[Round "1"]
[White "De Zerbi, Sergio"]
[Black "Abatino, Maurizio"]
[Result "0-1"]
[WhiteElo "1600"]
[BlackElo "2174"]
[PlyCount "62"]
[EventDate "2008.12.05"]

1. e4 e6 2. d4 d5 3. Nc3 Bb4 4. e5 Ne7 5. Bd3 c5 6. a3 Bxc3+ 7. bxc3 Nbc6 8.
Nf3 Qc7 9. O-O c4 10. Be2 f6 11. Bf4 Ng6 12. Bg3 f5 13. Nh4 Bd7 14. Bh5 O-O-O
15. f4 Nf8 16. Be2 h6 17. Nf3 Nh7 18. Qd2 Rdg8 19. Bh4 Be8 20. Rfb1 g5 21. fxg5
hxg5 22. Bf2 g4 23. Ne1 Ng5 24. Qc1 Ne4 25. Qe3 Qa5 26. Bf1 Qxc3 27. g3 Nd8 28.
Qxc3 Nxc3 29. Rb2 Nf7 30. Ng2 Ng5 31. Nf4 Nf3+ 0-1

[Event "C.to Provinciale KR 2009"]
[Site "Cutro ITA"]
[Date "2008.12.05"]
[Round "1"]
[White "Guzzo, Giovanni"]
[Black "Virelli, Salvatore"]
[Result "1-0"]
[WhiteElo "1768"]
[BlackElo "1467"]
[PlyCount "131"]
[EventDate "2008.12.05"]

1. f4 d5 2. Nf3 e6 3. e3 Nf6 4. d4 Be7 5. Bd3 O-O 6. O-O b6 7. c4 Ba6 8. b3 c6
9. Nc3 Bb4 10. Qc2 Bxc3 11. Qxc3 Nbd7 12. Ne5 Ne4 13. Bxe4 dxe4 14. Nxc6 Qh4
15. Bb2 f5 16. d5 Nf6 17. dxe6 Rae8 18. Nd4 Ng4 19. h3 Nh6 20. Rad1 Bb7 21. a4
Rf6 22. Qe1 Qh5 23. Qe2 Qh4 24. Qe1 Qh5 25. Bc3 Rg6 26. Kh1 Ng4 27. Qe2 Rh6 28.
Kg1 Qh4 29. Be1 Qh5 30. Bg3 Nf6 31. Qxh5 Rxh5 32. Be1 Bc8 33. Nc6 Bxe6 34. Nxa7
g5 35. Bc3 Nd7 36. Bb4 gxf4 37. Rxf4 Ne5 38. Rff1 Nd3 39. Bc3 Bd7 40. Bd4 Re6
41. Nb5 Rg6 42. Kh2 Rg4 43. Bxb6 f4 44. Rd2 fxe3 45. Bxe3 Rgh4 46. Nd4 Bxh3 47.
Bg5 Bxg2+ 48. Bxh4 Bxf1 49. Kg3 e3 50. Rc2 Re5 51. Kf3 Nb4 52. Rh2 Nd3 53. Ne2
Ne1+ 54. Bxe1 Rf5+ 55. Kxe3 Re5+ 56. Kd2 Re6 57. Bg3 Rb6 58. Nd4 Rg6 59. Bf4
Rg4 60. Ke3 Bg2 61. c5 Bd5 62. b4 Rg6 63. b5 Bc4 64. b6 Ba6 65. c6 Bb7 66. cxb7
1-0

[Event "C.to Provinciale KR 2009"]
[Site "Cutro ITA"]
[Date "2008.12.05"]
[Round "1"]
[White "Olivo, Paolo"]
[Black "Zavaglia, Giuseppe"]
[Result "0-1"]
[WhiteElo "1571"]
[BlackElo "1910"]
[PlyCount "88"]
[EventDate "2008.12.05"]

1. e4 c5 2. Nf3 d6 3. d4 cxd4 4. Nxd4 Nf6 5. Nc3 a6 6. Bg5 e6 7. f4 Qb6 8. Nb3
Be7 9. Qd2 Nc6 10. O-O-O O-O 11. Na4 Qc7 12. Bxf6 gxf6 13. g4 b5 14. Nc3 Bb7
15. f5 Rac8 16. Bd3 Ne5 17. Kb1 b4 18. Ne2 Nc4 19. Bxc4 Qxc4 20. Ng3 Bxe4 21.
Nxe4 Qxe4 22. Rhe1 Qc4 23. Na5 Qb5 24. Nb3 e5 25. h4 Qc4 26. Qe2 Qxe2 27. Rxe2
Rc4 28. Rg2 h6 29. Rh1 Kh7 30. g5 h5 31. g6+ Kh6 32. Na5 Rg4 33. Rxg4 hxg4 34.
Nc6 Bd8 35. Nxb4 fxg6 36. fxg6 Kxg6 37. Kc1 f5 38. Kd2 Ba5 39. a3 f4 40. Ke2
Bxb4 41. axb4 e4 42. c4 Rb8 43. Rf1 Kf5 44. h5 Rxb4 0-1